Transatlantic liners, 1945-1980 /

Bibliographic Details
Main Author: Miller, William H., 1948-
Format: Book
Language:English
Published: New York : Arco Pub., [1981]
Subjects:

MARC

Tag First Indicator Second Indicator Subfields
LEADER 00000pam a2200000 a 4500
001 in00000086495
005 20151008064532.0
008 810218s1981 nyua 00110 eng
010 |a  81001526  
020 |a 0668052678 :  |c $21.95 
035 |a (OCoLC)07272491 
035 |9 AAK4354AM 
039 0 |a 2  |b 3  |c 3  |d 3  |e 3 
040 |a DLC  |c DLC  |d TXA  |d UtOrBLW 
049 |a TXAM  |c [1442726] 
050 0 0 |a VM381  |b .M45 1981 
082 0 |a 387.2/432  |2 19 
100 1 |a Miller, William H.,  |d 1948- 
245 1 0 |a Transatlantic liners, 1945-1980 /  |c William H. Miller. 
264 1 |a New York :  |b Arco Pub.,  |c [1981] 
264 4 |c ©1981 
300 |a 222 pages :  |b illustrations ;  |c 26 cm. 
336 |a text  |b txt  |2 rdacontent 
337 |a unmediated  |b n  |2 rdamedia 
338 |a volume  |b nc  |2 rdacarrier 
500 |a Includes index. 
650 0 |a Ocean liners. 
650 0 |a Steamboat lines. 
999 |a MARS 
999 f f |s 47b6dd19-adf0-38d5-ba7f-c1f6af916f85  |i 879caed2-6c9f-3df0-93cc-8bd66ae263d5  |t 0 
952 f f |p ric  |a Texas A&M University  |b Rellis Campus  |c Joint Library Facility  |s JLF  |d Remote Storage  |t 0  |e VM381 .M45 1981  |h Library of Congress classification  |i unmediated -- volume  |m A14806261740 
952 f f |p normal  |a Texas A&M University  |b Galveston Campus  |c Jack K. Williams Library  |s galv stk  |d Galveston Stacks  |t 0  |e VM381 .M45 1981  |h Library of Congress classification  |i unmediated -- volume  |m 33620000359204 
998 f f |a VM381 .M45 1981  |t 0  |l Remote Storage 
998 f f |a VM381 .M45 1981  |t 0  |l Galveston Stacks